Calacta Ovvero caltagirone la regina dei monti

Gespeichert in:
Bibliographische Detailangaben
1. Verfasser: Ettore Minniti
Format: Buch
Sprache:Nichtbestimmte Sprache
Veröffentlicht: Pegaso Editore
Tags: Tag hinzufügen
Keine Tags, Fügen Sie das erste Tag hinzu!

MARC

LEADER 00000nam a2200000Ia 4500
001 R-1116
003 CODICE-MESSINA
005 20260212102502.0
008 260211s9999 xx 000 0 und d
040 |c importazione_messina 
100 |a Ettore Minniti 
245 0 |a Calacta 
245 0 |b Ovvero caltagirone la regina dei monti 
260 |b Pegaso Editore 
942 |2 ddc  |c BK 
952 |0 0  |1 0  |2 ddc  |4 0  |6 SCAFFALE_11_000000000000000__ROMANZI  |7 0  |9 31947  |a ME  |b ME  |d 2026-02-11  |l 0  |o SCAFFALE 11 - ROMANZI  |p R-1116  |r 2026-02-11 23:52:52  |w 2026-02-11  |x [REVISIONARE]  |y BK 
999 |c 27612  |d 27612